000
00501nam a2200181Ia 4500
008
090123s9999 xx 000 0 und d
082
_b
721
_a
891.463/काळे
100
_a
काळे श्रीपाद
245
_a
अवशेष
250
_a
1
260
_b
टेकाडे मं.
300
_a
154
600
_a
काळे श्रीपाद
630
_a
अवशेष
700
_a
काळे श्रीपाद
730
_a
अवशेष
942
_c
BOOK
999
_c
38808
_d
38808